LEADER 00664naa a2200157 i 4500 001 000000325987 003 CaOOAMICUS 005 20180831173513.0 008 180831n it u000 u ita u 013 $a37100 040 $aSeMil$bita 245 10$aSul rapporto tra arte e teologia. Fede, Parola e immagini sacre. 650 4$aIconografia sacra.$0(OLS)http://semarc/subject/416 650 4$aArte e teologia.$0(OLS)http://semarc/subject/5359 773 0 $tGesù Cristo e il nuovo umanesimo.$dMilano : Centro Ambrosiano, 2015.$z978-88-6894-063-8$gp.407-415$w()245697 996 $6245$aSul rapporto tra arte e teologia. Fede, Parola e immagini sacre.$9(OLS)http://semarc/title/399098 LEADER 01131nam a2200205 i 4500 001 000000257438 003 CaOOAMICUS 005 20180227000000.0 008 180227s1744 it u000 u ita u 013 $a236346 026 $aiao, o-e- a,di meun (3) 1744 (R) 040 $aSeMil$bita 245 10$aDall'anno primo dell'era volgare fino all'anno 1000. 300 $a[4], 554 p. 500 $aSegn.: pg2 A-3Y4. 500 $aMarca editoriale: Al centro di raggi luminosi Minerva tiene uno scudo nella mano sinistra e un libro nella mano destra. Motto: La felicità delle lettere. (Repertorio consultato: Delalain-Marques, BNF). 773 0 $aMuratori, Ludovico Antonio <1672-1750>$tAnnali d'Italia dal principio dell'era volgare sino all'anno 1500. compilati da Lodovico Antonio Muratori bibliotecario del serenissimo Duca di Modena.$dIn Milano : A spese di Giovambatista Pasquali Libraro in Venezia, 1744-1749.$g5$w()10811 850 $aSeMil 852 $aSeMil$W1$xVenegono$y1$m3V VI 37 FA$j207784$B207784$CSeMilBibl$Z2$F221302 $8I 996 $6245$aDall'anno primo dell'era volgare fino all'anno 1000$9(OLS)http://semarc/title/412844